000 00951cam a22002773a 4500
001 4596
003 PGUSA
005 20140828083059.0
008 031001s2003||||xxu|||||s|||||000 1 eng d
040 _aPGUSA
_beng
042 _adc
050 4 _aPR
100 1 _aYonge, Charlotte M.
_q(Charlotte Mary),
_d1823-1901
245 1 0 _aUnknown to History :
_bA Story of the Captivity of Mary of Scotland
_h[electronic resource] /
_cCharlotte M. Yonge
260 _bProject Gutenberg,
_c2003
506 _aPublic domain in the USA.
516 _aElectronic text
653 _aMary, Queen of Scots, 1542-1587 -- Fiction
653 _aScotland -- History -- Mary Stuart, 1542-1567 -- Fiction
653 _aBiographical fiction
653 _aGreat Britain -- History -- Elizabeth, 1558-1603 -- Fiction
653 _aQueens -- Scotland -- Fiction
830 0 _aProject Gutenberg
_v4596
856 4 0 _uhttp://www.gutenberg.org/ebooks/4596
942 _cEB
999 _c233925
_d233925